000 00661nam a2200265Ia 4500
001 4326
005 20240113233728.0
007 ta
008 050610s1984 g b000 u asm u
020 _cHB
040 _aCotton College,Assam
041 _aasm
082 _a891.412
_bSh 11 Ar
100 _aSarma, Hemanta Kumar .
245 0 _aArjun-Bhanjan /
_cHemanta Kumar Sarma.
_hTextual Documents
250 _a2nd ed. /
260 _aGuwahati :
_bBina Library ,
_c1984.
300 _a32p. ;
_c22cm.
653 _aAssamese Drama
653 _aPG-Assamese
942 _2ddc
_cBK
999 _c4313
_d4313